LEADER 01159nam0-22003371i-450- 001 990005429710203316 005 20010829120000.0 035 $a000542971 035 $aUSA01000542971 035 $a(ALEPH)000542971USA01 035 $a000542971 100 $a20010829d1990-------|0itac50------ba 101 $aita 102 $aIT 105 $a||||Z 1|||| 200 1 $aTax harmonization and tax effort measures$ethe need for decomposable tax ratio s$epreliminary version. Comments are welcome$fPaolo Roberti 210 $aSalerno$cDip. Scienze Economiche$d1990 - 78 p. ; 23 cm 225 2$aQuaderni del Dipartimento di Scienze Economiche e statistiche$v8 410 1$12001$aQuaderni del Dipartimento di Scienze Economiche e statistiche$v8 700 1$aROBERTI,$bPaolo$0133639 801 $aIT$bSOL$c20120104 912 $a990005429710203316 950 $aDIP.TO SCIENZE ECONOMICHE - (SA)$dDS DIP Q$e8 DISES 951 $aDIP Q$b8 DISES 959 $aBK 969 $aDISES 979 $c20121027$lUSA01$h1531 979 $c20121027$lUSA01$h1612 996 $aTax harmonization and tax effort measures$91144341 997 $aUNISA NUM $aUSA2162 LEADER 01272nam0 22002891i 450 001 VAN0058810 005 20180724094039.79 100 $a20070416d1981 |0itac50 ba 101 $aita 102 $aIT 105 $a|||| ||||| 200 1 $aDa Tiziano a El Greco$eper la storia del Manierismo a Venezia, 1540-1590$ePalazzo Ducale, settembre-dicembre 1981 205 $aMilano : Electa$bc1981 210 $d349 p. : ill. ; 24 cm 215 $aCatalogo della mostra organizzata dal Comune di Venezia, Assessorato alla cultura, Palazzo Ducale, settembre-dicembre 1981. 606 $aMANIERISMO$xVenezia$xEsposizioni$xVenezia$x1981$3VANC020502$2FI 620 $dMilano$3VANL000284 702 0$aTiziano$3VANV012788 712 $aElecta $3VANV113606$4650 790 1$aVecellio, Tiziano $zTiziano$3VANV219776 790 0$aTiziano Vecellio$zTiziano$3VANV218742 801 $aIT$bSOL$c20231117$gRICA 899 $aBIBLIOTECA DEL DIPARTIMENTO DI LETTERE E BENI CULTURALI$1IT-CE0103$2VAN07 912 $aVAN0058810 950 $aBIBLIOTECA DEL DIPARTIMENTO DI LETTERE E BENI CULTURALI$d07CONS Cb Venezia 1981 $e07 13890 20070416 996 $aDa Tiziano a El Greco$9268912 997 $aUNICAMPANIA